<?xml version="1.0" encoding="UTF-8"?>
<collection xmlns="http://www.loc.gov/MARC21/slim">
 <record>
  <leader>01334nam a22002897a 4500</leader>
  <controlfield tag="001">40445</controlfield>
  <controlfield tag="003">BD-DhAAL</controlfield>
  <controlfield tag="005">20230223120703.0</controlfield>
  <controlfield tag="008">230223r20172017bg ||||| b||| 00| 0 ben d</controlfield>
  <datafield tag="020" ind1=" " ind2=" ">
   <subfield code="a">9789849140372</subfield>
  </datafield>
  <datafield tag="040" ind1=" " ind2=" ">
   <subfield code="a">BD-DhAAL</subfield>
  </datafield>
  <datafield tag="041" ind1=" " ind2=" ">
   <subfield code="a">ben</subfield>
  </datafield>
  <datafield tag="082" ind1=" " ind2=" ">
   <subfield code="a">891.44371</subfield>
   <subfield code="2">23</subfield>
  </datafield>
  <datafield tag="100" ind1=" " ind2=" ">
   <subfield code="a">শাহাদুজ্জামান,</subfield>
   <subfield code="d">১৯৬০- </subfield>
   <subfield code="9">53719</subfield>
  </datafield>
  <datafield tag="245" ind1=" " ind2=" ">
   <subfield code="a">একজন কমলালেবু /</subfield>
   <subfield code="c">শাহাদুজ্জামান</subfield>
  </datafield>
  <datafield tag="250" ind1=" " ind2=" ">
   <subfield code="a">দ্বিতীয় সংস্করণ</subfield>
  </datafield>
  <datafield tag="260" ind1=" " ind2=" ">
   <subfield code="a">ঢাকা :</subfield>
   <subfield code="b">প্রথমা প্রকাশন,</subfield>
   <subfield code="c">২০১৭ [পঞ্চম মুদ্রণ]</subfield>
  </datafield>
  <datafield tag="300" ind1=" " ind2=" ">
   <subfield code="a">২৩৯ পৃষ্ঠা ;</subfield>
   <subfield code="c">২২ সে.মি</subfield>
  </datafield>
  <datafield tag="504" ind1=" " ind2=" ">
   <subfield code="a">গ্রন্থপঞ্জিগত নির্দেশিকা অন্তভূক্ত</subfield>
  </datafield>
  <datafield tag="541" ind1=" " ind2=" ">
   <subfield code="a">Akbar Ali Khan Collections</subfield>
   <subfield code="e">40445</subfield>
  </datafield>
  <datafield tag="650" ind1=" " ind2=" ">
   <subfield code="a">Bengali literature.</subfield>
  </datafield>
  <datafield tag="650" ind1=" " ind2=" ">
   <subfield code="a">Bengali fiction.</subfield>
  </datafield>
  <datafield tag="650" ind1=" " ind2=" ">
   <subfield code="a">Authors, Bengali Criticism and interpretation.</subfield>
   <subfield code="9">53720</subfield>
  </datafield>
  <datafield tag="852" ind1=" " ind2=" ">
   <subfield code="a">Ayesha Abed Library</subfield>
   <subfield code="c">Akbar Ali Khan Collection</subfield>
  </datafield>
  <datafield tag="942" ind1=" " ind2=" ">
   <subfield code="2">ddc</subfield>
   <subfield code="c">BK</subfield>
  </datafield>
  <datafield tag="999" ind1=" " ind2=" ">
   <subfield code="c">45521</subfield>
   <subfield code="d">45521</subfield>
  </datafield>
  <datafield tag="952" ind1=" " ind2=" ">
   <subfield code="0">0</subfield>
   <subfield code="1">0</subfield>
   <subfield code="2">ddc</subfield>
   <subfield code="4">0</subfield>
   <subfield code="6">891_443710000000000_SHA</subfield>
   <subfield code="7">1</subfield>
   <subfield code="9">73283</subfield>
   <subfield code="a">BRACUL</subfield>
   <subfield code="b">BRACUL</subfield>
   <subfield code="c">AAKC</subfield>
   <subfield code="d">2023-02-23</subfield>
   <subfield code="e">Donated by Akbar Ali Khan</subfield>
   <subfield code="g">450.00</subfield>
   <subfield code="l">0</subfield>
   <subfield code="o">891.44371 SHA</subfield>
   <subfield code="p">3010040445</subfield>
   <subfield code="r">2023-02-23</subfield>
   <subfield code="t">1</subfield>
   <subfield code="v">450.00</subfield>
   <subfield code="w">2023-02-23</subfield>
   <subfield code="y">BK</subfield>
   <subfield code="x">Price available in book </subfield>
  </datafield>
 </record>
</collection>
